000 00852nai a22001937a 4500
003 OSt
005 20170322111635.0
008 170209b xxu||||| |||| 00| 0 eng d
040 _aBMC
_cBMC
082 _a909
245 0 3 _aLa aventura de la historia
_b: Octubre
_cJavier Villalba, editor
260 _aMadrid
_bArlanza
_c1999
300 _a114 p.
_c28 cm
_e+ 1 h. pleg.
490 _aLa aventura de la historia
_v12, año 1
505 _aContiene: La celestina: la tragedia de un amor imposible.- El incendio de Roma y el martirio de los cristianos.- Hemingway, el espía que se burló del FBI.- Las fiestas de la vendimia.- Nerón el mecenas asesino.- El primer tratado de anatomía artística.- El soliferreum, la lanza de los antiguos hispanos.-
650 2 4 _91258
_aHistoria universal
700 1 _920715
_aVillalba, Javier‏
942 _2ddc
_cPR
999 _c27123
_d27123